000 00450cam a22001934a 4500
005 20250605164325.0
008 250528s ||||||||||||||||||||||||d
035 _a23012
020 _a9780132853545
040 _aGR-AtMCL
_bgre
_dGR-AtMCL
_eAACR2
245 1 _aTHE ESSENCE OF MARKETING
250 _a1
260 _bPrentice Hall,
_c1993
300 _a266
700 1 _aMajaro Simon
_98596
942 _cBK
999 _c8053
_d8053